Radosť z práce ako motivačný faktor

Pochopenie účelu a z toho vyplývajúci prístup k práci. Radosť z práce.

Uložené v:
Podrobná bibliografia
Hlavný autor: Škutková, Jana
Médium: Kapitola
Jazyk:Slovak
Predmet:
Tagy: Pridať tag
Žiadne tagy, Buďte prvý, kto otaguje tento záznam!

MARC

LEADER 00000naa a2200000 4500
001 0146063
005 20231113132651.3
041 0 |a slo 
044 |a CZ 
245 1 0 |a Radosť z práce ako motivačný faktor  |c Jana Škutková 
520 |a Pochopenie účelu a z toho vyplývajúci prístup k práci. Radosť z práce. 
610 2 0 |a zamestnanci 
610 2 0 |a motivácia pracovná 
100 1 |a Škutková, Jana